[Event "San Francisco TNM Summer op"]
[Site "San Francisco"]
[Date "2013.06.11"]
[Round "3"]
[White "Toziopoulos, Stephen S"]
[Black "Otterbach, Renate"]
[Result "1-0"]
[WhiteElo "1005"]
[BlackElo "948"]
[PlyCount "59"]
[EventDate "2013.05.28"]
[EventType "swiss"]
[EventRounds "8"]
[EventCountry "USA"]
[SourceTitle "EXT 2016"]
[Source "ChessBase"]
[SourceDate "2015.10.08"]
[SourceVersion "1"]
[SourceVersionDate "2015.10.08"]
[SourceQuality "1"]

1. e4 e5 2. Nf3 d6 3. d4 Nf6 4. Bg5 Be7 5. Bxf6 Bxf6 6. dxe5 Be7 7. exd6 Bxd6 8. e5 Qe7 9. Qe2 Bc5 10. Nbd2 0-0 11. 0-0-0 Be6 12. Kb1 Nc6 13. Ne4 Ba3 14. Nfg5 Bf5 15. Qf3 Bg6 16. bxa3 Nxe5 17. Qb3 Bxe4 18. Nxe4 Ng4 19. f3 Nf2 20. Nxf2 h6 21. Bc4 Rae8 22. Nd3 Qf6 23. Rhe1 Rd8 24. Nc5 Rd6 25. Nd7 Qf4 26. Rxd6 cxd6 27. Nxf8 Kxf8 28. Qxb7 g6 29. Re4 Qxh2 30. Qxf7# 1-0

[Event "San Francisco TNM Spring op"]
[Site "San Francisco"]
[Date "2013.03.26"]
[Round "2"]
[White "Toziopoulos, Stephen S"]
[Black "Tsodikova, Natalia"]
[Result "0-1"]
[WhiteElo "919"]
[BlackElo "2262"]
[PlyCount "52"]
[EventDate "2013.03.19"]
[EventType "swiss"]
[EventRounds "8"]
[EventCountry "USA"]
[SourceTitle "EXT 2016"]
[Source "ChessBase"]
[SourceDate "2015.10.08"]
[SourceVersion "1"]
[SourceVersionDate "2015.10.08"]
[SourceQuality "1"]

1. e4 c5 2. Nf3 d6 3. d4 cxd4 4. Nxd4 Nf6 5. Nc3 a6 6. Bg5 e6 7. f4 Be7 8. Qd3 Nbd7 9. 0-0-0 Nc5 10. Qf3 Qc7 11. e5 dxe5 12. fxe5 Nd5 13. Bxe7 Nxe7 14. Qg3 0-0 15. Bd3 b5 16. Ndxb5 Nxd3+ 17. Qxd3 axb5 18. Nxb5 Qxe5 19. Kb1 Ba6 20. a4 Qf4 21. Qd6 Qxd6 22. Rxd6 Bxb5 23. axb5 Rab8 24. c4 Rfc8 25. Rhd1 Nf5 26. Rd7 Ne3 0-1

[Event "San Francisco TNM Winter op"]
[Site "San Francisco"]
[Date "2013.02.05"]
[Round "5"]
[White "James, Charles"]
[Black "Toziopoulos, Stephen S"]
[Result "1-0"]
[WhiteElo "1559"]
[BlackElo "919"]
[PlyCount "61"]
[EventDate "2013.01.08"]
[EventType "swiss"]
[EventRounds "8"]
[EventCountry "USA"]
[SourceTitle "EXT 2016"]
[Source "ChessBase"]
[SourceDate "2015.10.08"]
[SourceVersion "1"]
[SourceVersionDate "2015.10.08"]
[SourceQuality "1"]

1. d4 Nf6 2. c4 e6 3. Nc3 Bb4 4. Qc2 c5 5. dxc5 Bxc5 6. Bg5 Bxf2+ 7. Kd2 h6 8. Nh3 Bc5 9. Bh4 d5 10. Rd1 Nc6 11. Kc1 d4 12. Ne4 Be7 13. Nhf2 Nxe4 14. Bxe7 Qxe7 15. Nxe4 0-0 16. g4 e5 17. h3 Be6 18. b3 Rac8 19. Kb2 b5 20. c5 Bd5 21. Bg2 Nb4 22. Qd2 Bxe4 23. Bxe4 Na6 24. b4 Nb8 25. a3 a5 26. Rhf1 axb4 27. axb4 Qe6 28. Bf5 Qd5 29. e4 dxe3 30. Qxd5 Rcd8 31. Qxd8 1-0